Sommenferien - Statystyki

Ogólne statystyki
  • Ten quiz został rozwiązany 27 razy
  • Średni wynik to 37 z 54
Statystyki odpowiedzi
PL DE % Poprawnych
↑ w cz. przeszłym gesonnt
100%
↑ w cz. przeszłym gearbeitet
90%
↑ w cz. przeszłym gebadet
90%
↑ w cz. przeszłym gemacht
90%
↑ w cz. przeszłym getroffen
90%
robić machen
90%
pracować arbeiten
80%
kąpać się baden
80%
zostać bleiben
80%
↑ w cz. przeszłym geblieben
80%
↑ w cz. przeszłym geholfen
80%
↑ w cz. przeszłym gejobbt
80%
↑ w cz. przeszłym gepaddelt
80%
↑ w cz. przeszłym geschwommen
80%
↑ w cz. przeszłym gesegelt
80%
↑ w cz. przeszłym getrampt
80%
↑ w cz. przeszłym gewandert
80%
↑ w cz. przeszłym kennengelernt
80%
leżeć legen
80%
opalać się sonnen
80%
spotykać treffen
80%
↑ w cz. przeszłym gelegen
70%
↑ w cz. przeszłym gereist
70%
↑ w cz. przeszłym geschlossen
70%
↑ w cz. przeszłym getaucht
70%
↑ w cz. przeszłym gezeltet
70%
pomagać helfen
70%
pracować jobben
70%
poznawać kennenlernen
70%
wiosłować paddeln
70%
pływać schwimmen
70%
żeglować segeln
70%
jechać autostopem trampen
70%
wędrować wandern
70%
↑ w cz. przeszłym geklettert
60%
↑ w cz. przeszłym gelangweilt
60%
↑ w cz. przeszłym gesammelt
60%
wspinać się klettern
60%
nudzić się langweilen
60%
podróżować reisen
60%
jeździć ritten
60%
zamykać schließen
60%
spacerować spazieren gehen
60%
nurkować tauchen
60%
kempingować zelten
60%
odwiedzić besichtigen
50%
↑ w cz. przeszłym besichtigt
50%
zbierać sammeln
50%
↑ w cz. przeszłym spazieren gegangen
50%
↑ w cz. przeszłym bewundert
40%
↑ w cz. przeszłym geritten
40%
polepszać verbessern
40%
↑ w cz. przeszłym verbessert
40%
podziwiać bewundern
30%
Nie znaleziono quizów pasujących do podanych kryteriów
Rozkład punktacji
Procent ludzi z każdym wynikiem
Percentyl według liczby udzielonych odpowiedzi
Twoja historia wyników
Nie rozwiązałeś tego quizu